| 000 | 00468nam a22001817a 4500 | ||
|---|---|---|---|
| 999 |
_c524010 _d524010 |
||
| 003 | NUST | ||
| 020 | _a9789699141027 | ||
| 038 | _aWaseem | ||
| 082 |
_a891.421 _bASM |
||
| 100 |
_aAsma, Samina _914834 |
||
| 245 |
_aWela Simran Da / _cSamina Asma |
||
| 260 |
_aLahore : _bMaa Boli Research centre, _c2009. |
||
| 300 | _a94 p. : | ||
| 500 | _apaper back. | ||
| 880 |
_6100-02\r _aثمینھ اساء |
||
| 880 |
_6245-02\r _aویلا سمرن دا |
||
| 942 |
_2ddc _cBK |
||